Trabajo y salario indígena siglo XVI

Na minha lista:
Detalhes bibliográficos
Autor principal: Jara Hantke, Álvaro (Autor)
Formato: Livro
Idioma:espanhol
Publicado em: Santiago Universitaria 1987
coleção:Colección imagen de Chile
Assuntos:
Tags: Adicionar Tag
Sem tags, seja o primeiro a adicionar uma tag!

MARC

LEADER 00000nam a2200000 a 4500
001 UCX1993
003 CL-VaPUC
008 901211e19870000CL |||||||||||||||||spa|d
082 0 4 |a 983.03  |b JAR  |2 21 
100 |a Jara Hantke, Álvaro  |e author  |9 559230 
245 1 0 |a Trabajo y salario indígena siglo XVI 
300 |a 214 p 
942 |c BK 
945 |d 19901211 00:00:00 
260 |a Santiago  |b Universitaria  |c 1987 
650 0 |a Indios de Chile  |9 255185 
650 7 |a CONDICIONES ECONOMICAS SIGLO 16  |2 CL-VaPUC  |9 317726 
650 7 |a EMPLEOS SIGLO 16  |2 CL-VaPUC  |9 317727 
583 |a last modification  |c 19901211 00:00:00  |k Rodrigo Vera 
490 0 |a Colección imagen de Chile 
999 |c 223107  |d 223105 
952 |0 0  |1 0  |4 0  |6 983_030000000000000_JAR_1987  |7 0  |8 A  |9 218587  |a BIBHIS  |b BIBHIS  |d 2019-11-15  |i 2873982  |l 1  |o 983.03 JAR 1987  |p 2873982  |r 2025-01-20  |s 2022-06-08  |w 2019-11-15  |y BK  |k HIS 
952 |0 0  |1 0  |4 0  |6 983_030000000000000_JAR_1987  |7 0  |8 A  |9 218588  |a BIBHIS  |b BIBHIS  |d 2019-11-15  |i 2873990  |o 983.03 JAR 1987  |p 2873990  |r 2025-01-20  |w 2019-11-15  |y BK  |k HIS 
952 |0 0  |1 0  |4 0  |6 983_030000000000000_JAR_1987  |7 0  |8 A  |9 218589  |a BIBHIS  |b BIBHIS  |d 2019-11-15  |i 2874008  |o 983.03 JAR 1987  |p 2874008  |r 2025-01-20  |w 2019-11-15  |y BK  |k HIS 
952 |0 0  |1 0  |4 0  |6 983_030000000000000_JAR_1987  |7 0  |8 A  |9 218590  |a BIBHIS  |b BIBHIS  |d 2019-11-15  |i 1256181  |l 1  |o 983.03 JAR 1987  |p 1256181  |r 2025-01-20  |s 2023-06-29  |w 2019-11-15  |y BK  |k HIS 
952 |0 0  |1 0  |4 0  |6 983_030000000000000_JAR_1987  |7 0  |8 A  |9 218591  |a BIBHIS  |b BIBHIS  |d 2019-11-15  |i 125619K  |o 983.03 JAR 1987  |p 125619K  |r 2025-01-20  |w 2019-11-15  |y BK  |k HIS 
952 |0 0  |1 0  |4 0  |6 983_030000000000000_JAR_1987  |7 0  |8 A  |9 218592  |a BIBHIS  |b BIBHIS  |d 2019-11-15  |i 1256203  |o 983.03 JAR 1987  |p 1256203  |r 2025-01-20  |w 2019-11-15  |y BK  |k HIS